[Event "Match 81__120'/40"]
[Site "Zürich"]
[Date "2025.??.??"]
[Round "29"]
[White "Scorpio 68000 sel. 4"]
[Black "Fidelity Excel Mach III"]
[Result "0-1"]
[Annotator "Utzinger,K"]
[WhiteElo "2034"]
[BlackElo "2020"]
[PlyCount "129"]
[EventDate "2025.??.??"]

{[%evp 0,129,25,-25,19,-7,-7,-7,8,0,-3,-3,-9,-47,-26,0,-42,-71,-34,-30,-20,-19,-16,-2,5,2,13,13,20,10,-2,-6,-18,-18,-2,-35,-22,-34,0,-18,-19,-43,9,-55,-48,-61,-58,-45,-38,-38,-39,-30,2,-37,-27,-89,-88,-75,-71,-71,-57,-57,-13,-72,-56,-93,-23,-84,-77,-75,-83,-75,-22,16,38,-36,0,-64,0,-20,0,-48,-9,-52,-37,-130,-98,-129,-104,-165,-151,-139,-139,-139,-90,-139,-131,-149,-116,-124,-136,-366,-338,-382,-419,-482,-497,-506,-573,-573,-584,-608,-561,-679,-600,-656,-685,-696,-727,-800,-1055,-1251,-1467,-1635,-1297,-1473,-1562,-1562,-1757,-29969,-29966,-29979]} 1. c4 {Match 120'/40 | Bediener: Rolf Bühler | Kommentator: Kurt Utzinger | 29. Partie: Schwarz (Mach III) gewinnt | Zwischenstand: 16½-12½ (56,8%) für Mach III | Stand hypothetisch: 15-14 (51,7%) für Scorpio | Eröffnung: Englisch, Symmetrie Variante, 2.b3 | Buchzüge: 3 von Scorpio, 1 von Mach III | Partieverlauf: Frühzeitig gerät der Scorpio 68000 sel. 4 mit seinem Rösselsprung 8.Sb5? in eine verlorene Stellung. Das war für das Kittinger Programm ebenso wenig zu erkennen, wie für den Mach III, der seine Chance deshalb nicht packen kann. Aber im weiteren Partieverlauf wird das Novag-Gerät überrollt, nachdem es diverse Rettungsmöglichkeiten nicht nutzt. Der Vorsprung des amerikanischen Programms von Kathe & Dan Spracklen mit vier (4) Punkten hat nun ein beängstigendes Ausmass angenommen.} c5 {***ENDE BUCH***} 2. b3 Nf6 3. Bb2 {***ENDE BUCH*** Stockfish 17.1 Bewertung: 0.00(50%)/46} e6 4. Nf3 Nc6 5. e3 d5 {= (0.04) (50%) Depth: 47/74} 6. Nc3 $2 {-/+ (-1.52) (8%) Depth: 43/65 Mit dieser Ungenauigkeit verschlechtert Weiss seine Stellung um 1,5 Bauerneinheiten und muss dem Gegner klaren Vorteil einräumen.} (6. cxd5 exd5 7. Bb5 (7. Be2 d4 8. exd4 cxd4 9. Bb5 Bc5 10. Qe2+ Be6 11. Bxc6+ $11 {½- (34) ½ (34) Vidit,S (2739)-Vitiugov,N (2668) London 2024}) 7... Bd6 8. O-O O-O 9. d4 cxd4 10. Nxd4 Bc7 $11 {½- (32) ½ (32) Nihal,S (2692)-Grischuk,A (2732) Chess.com INT 2023}) 6... d4 $1 {Der Mach III packt seine Chance.} 7. exd4 cxd4 $1 {[#]} 8. Nb5 $2 {[%mdl 32768] Dieser Fehler ***VERLIERT***, wenn es nach den Engines geht. Zwar stand Weiss schon nicht mehr gut, aber der Rösselsprung nach b5 ist noch ungünstiger als 8.Sb1 oder 8.Se2.} (8. Ne2 e5 9. Ng3 (9. d3 $2 e4 $19) 9... h5 10. h4 e4 $19) 8... Bc5 $2 {Verpasst den Sieg.} (8... e5 $1 {ist der logische, den Bauern d4 stützende Gewinnzug. Wie schlimm muss es um die weisse Stellung stehen, dass die Engine als beste Verteidigung das Figurenopfer 9.Sxe5 betrachtet?} {PROMENADE-avx2: 1)} 9. Nxe5 {-2.98(0%)/53} ({PROMENADE-avx2: 2)} 9. Bd3 {-3.43(0%)/52} Bc5 10. O-O O-O 11. Re1 Re8 12. a3 e4 13. b4 Bf8 14. Bxe4 Rxe4 15. Rxe4 Nxe4 16. Nbxd4 Nxd4 17. Nxd4 Nd6 18. Rc1 Bd7 19. Nf3 Be6 20. d3 Qd7 21. Nd4 Rd8 22. Nxe6 Qxe6 23. Qf3 Nf5 24. h3 g6 25. c5 Bh6 26. Rc4 Bg7 27. Bxg7 Qe1+ 28. Kh2 Kxg7 29. a4 Qe5+ 30. g3 Qe1 31. Rf4 Qe7 32. Re4 Qf6 33. b5 {[%eval -343,52] [%wdl 0,0,1000]}) 9... Nxe5 10. Qe2 Qe7 11. O-O-O Bf5 12. d3 O-O-O 13. Nxa7+ Kb8 14. Nb5 Nc6 15. h3 h5 16. Kb1 Ne8 17. Bc1 f6 18. Qxe7 Bxe7 19. Be2 Nc7 20. Nxc7 Kxc7 21. a3 Bd6 22. Kc2 g5 23. Bb2 g4 24. hxg4 hxg4 25. b4 Rhe8 26. Rde1 g3 27. Rhf1 gxf2 28. Rxf2 Bg3 29. Rxf5 Bxe1 30. Bf3 Bh4 31. Bc1 Bg5 32. Bxg5 fxg5 33. Rxg5 Ne5 34. Be4 Kb8 {[%eval -298,53] [%wdl 0,1,999]}) 9. b4 $1 {Nun fällt der starke Bauer d4.} Bxb4 10. Nbxd4 $11 {Ausgleich} O-O 11. Nxc6 bxc6 12. Qc2 (12. Be2 {mit Entwicklung ist zu präferieren.}) 12... c5 13. Bd3 {Nach der kurzen Rochade droht nun mit Lxf6 Dxf6, Lxh7+ Bauerngewinn.} h6 14. O-O Bb7 15. a3 Ba5 16. Ne5 Qe7 17. Be2 {Dieser passive Rückzug einer gut stehenden Figur ist nicht zu empfehlen. Gut war beispielsweise 17.Tae1 mit der Idee, den Turm nach e3 zu spielen.} Rad8 $15 18. d3 {Weiss leidet nun auf der d-Linie an seinem rückständigen Bauern d3.} Rd6 19. Rfb1 {Wenn schon ein Turm auf die b-Linie, dann natürlich Tab1, damit der zweite Turm noch auf anderen Linien eingesetzt werden kann.} Rfd8 20. Bc1 {Besser ist:} (20. Bc3 Bxc3 21. Qxc3 Qc7 22. Qc1 Rd4 23. Qe3 Nd7 24. Nxd7 R8xd7 25. h3 $11) 20... Bb6 21. Rb3 {Sinnvoller ginge der Läufer nach f4.} Nd7 22. Bb2 Nxe5 23. Bxe5 Qg5 {Droht Matt auf g2 und die Verteidigung Lf3 ist nicht möglich.} 24. Bg3 Rd4 (24... e5 $5 {hätte den Vorstoss d3-d4 endgültig verunmöglicht.}) 25. Qc1 Qf5 {Die zögerliche Handlungsweise seines Gegners hätte Weiss nun ausnützen sollen mit:} 26. Rab1 $6 $17 ({Nach} 26. a4 R4d7 27. a5 Bc7 28. Qe3 $11 {steht es gleich.}) 26... e5 27. a4 {Leider ein Zug zu spät, denn nun kommt Schwarz klar besser zu stehen.} Bc6 28. Ra1 Ba5 $6 {Stockfish 17.1 sieht einen möglichen Gewinnweg mit 28...Lc7 usw., nicht erkennbar durch unsere Oldies.} ({Stockfish 17.1 bmi2:} 28... Bc7 29. f3 h5 30. Bf2 R8d6 31. Kh1 Rg6 32. Qf1 a5 33. Ra2 Rf4 34. Be1 Qf6 35. Rb5 h4 36. h3 Bxb5 37. axb5 Qd8 38. Bc3 Rd4 39. Ra1 Kh7 40. Qf2 Qg5 41. Ra2 f5 42. Bd2 Qe7 43. Bxa5 Bxa5 44. Rxa5 Qg5 45. Ra1 Qf4 46. Qg1 Qd2 47. Qf2 Rgd6 48. Ra7 Qf4 49. Qe1 Qe3 50. Rc7 Kg6 51. Qf1 Rd8 52. b6 R4d6 53. Qb1 Qxe2 54. b7 Rxd3 {[%eval -178,47] [%wdl 0,19,981]}) 29. f3 Bb4 30. a5 a6 $11 31. Qf1 (31. Be1 Bxe1 32. Qxe1 Bd7 33. Rb6 Bc8 34. Rab1 $11 {war ein sicherer Weg zum Ausgleich.}) 31... Qg5 32. Kh1 R8d7 33. f4 $2 $17 {Der Scorpio 68000 sel. 4 greift zu Brechstange und gefährdet damit nur seine Partie.} (33. Be1 Rb7 34. Bxb4 Rxb4 35. Rxb4 cxb4 36. Qe1 ({oder} 36. Rb1 Qd2 $11) 36... Qe3 37. Bf1 Qxe1 38. Rxe1 f6 39. Rb1 Ba4 40. Rxb4 Bc2 41. Rb6 Bxd3 42. Bxd3 Rxd3 43. Kg1 Rc3 44. Rc6 Rc2 $11) 33... exf4 34. Bf2 R4d6 35. d4 Re7 $6 (35... Be4 36. Bd3 Re7 $17 {bietet Schwarz bessere Gewinnchancen.}) 36. d5 $1 Qe5 $2 {Schwarzer Vorteil ade.} 37. Bf3 {Kompliziert ist:} (37. dxc6 Qxe2 38. Qxe2 Rxe2 39. Bxc5 $1 Bxc5 40. c7 Rc6 41. Rb8+ Kh7 42. c8=Q Rxc8 43. Rxc8 Bb4 44. Kg1 Rc2 45. Kf1 g5 46. Rc7 Kg7 47. h3 Bc3 (47... Bd2 48. Ke2 Be3+ 49. Kf3 Rf2+ 50. Ke4 Rxg2 51. Rc6 Re2 52. Rxa6 h5 53. Ra8 g4 54. hxg4 hxg4 55. a6 f3 56. Kd3 g3 57. a7 Bxa7 58. R8xa7 g2 59. Rg1 Kf6 60. c5 f2 61. Raa1 fxg1=B 62. Rxg1 Ra2 63. c6 Ke6 64. c7 Kd7 65. c8=Q+ Kxc8 $11) 48. Ra4 Bd4 49. c5 Be3 50. c6 Rf2+ 51. Ke1 Rxg2 52. Re7 Rc2 53. c7 h5 54. Rae4 g4 55. hxg4 hxg4 56. Rd7 g3 57. Ree7 Kf6 58. Rxf7+ Ke6 59. Rfe7+ Kf5 60. Rd8 g2 61. Rf8+ Kg6 62. Rg8+ Kf6 63. Rxe3 fxe3 64. Rxg2 Rc1+ 65. Ke2 Rxc7 66. Kxe3 $11) 37... Bd7 {Besser Le8 oder Lb7.} 38. Ra2 $6 $17 {Von einem Oldie die Ausgleichsvariante 38.Txb4 usw. zu finden, ist nicht zu erwarten.} (38. Rxb4 cxb4 39. Re1 Qg5 40. h4 Rxe1 41. Qxe1 Qf5 42. Qxb4 Qe5 43. Bd4 Qxd4 44. Qxd6 Qe3 $11) 38... Qf6 $6 $11 {Vorteil war mit 38...Lf5 zu haben.} 39. g3 $6 $17 (39. Qc1 $11) 39... Bf5 40. gxf4 $2 $19 {[%mdl 32768] ***VERLUSTZUG*** gemäss Stockfish & Co. durch 40...Td8 in einer komplizierten Variante. Notwendig wäre 40.Te2 gewesen.} Be4 $2 $11 {Natürlich durfte nicht erwartet werden, dass der Mach III den Gewinnzug 40...Td8 findet.} {[#]} 41. Be3 $2 $19 {Das ***VERLIERT*** wieder. Nach 41.Te2 stand es ausgeglichen.} Rd8 $1 {Wohl nur zufällig findet der Mach III den Gewinnzug, der Td8-e8 vorbereitet.} 42. Bg2 Bxg2+ {Genauer war 42...Tde8.} 43. Qxg2 Rde8 44. Qg1 (44. Bg1 Re1 45. Rf2 (45. Qg3 R8e4 46. Rg2 Rxc4 47. d6 Rd4 48. Rd3 Rd1 49. Rxd4 Qxd4 50. d7 Bxa5 $19) 45... Bxa5 46. Rbf3 Bc7 47. Rf1 Bd6 48. Qc2 a5 49. Rxe1 Rxe1 50. Qc3 Qe7 51. Qxa5 Qe4 52. Qa8+ Kh7 53. Qa3 Qxc4 54. Qd3+ Qxd3 55. Rxd3 c4 56. Re3 Rd1 57. Rg3 Bc5 58. h3 Rxg1+ 59. Rxg1 Bxg1 60. Kxg1 c3 $19) 44... Re4 45. Qc1 Qe7 46. Bf2 Qc7 47. Be3 Bxa5 48. Rg2 Qd6 49. Qa1 g6 50. Qxa5 (50. Qc1 {leistet mehr Widerstand}) 50... Rxe3 51. Rxe3 Rxe3 $19 {Schwarz hat Gewinnstellung: Mehrbauer, starker Freibauer auf der a-Linie, Beherrschung der e-Linie, aktivere Figuren.} 52. f5 {Ein vergeblicher Versuch, im Trüben zu fischen.} Qe7 {Mit der fürchterlichen Drohung ...De1+} 53. Qd2 {Erzwungen, aber nun könnte Schwarz in ein gewonnenes Bauerendspiel abwickeln.} (53. Z0 Re1+ 54. Rg1 (54. Qxe1 Qxe1+ 55. Rg1 Qe4+ 56. Rg2 Qxf5 $19) 54... Qe4#) 53... Qe4 {Der Mach III wählt einen anderen Gewinnweg.} (53... Re1+ 54. Rg1 Qe4+ 55. Qg2 Qxg2+ 56. Kxg2 Rxg1+ 57. Kxg1 gxf5 $19) 54. Kg1 Qb1+ 55. Kf2 Ra3 {Die Drohung ...Ta2 ist tödlich für Weiss.} 56. fxg6 (56. Qf4 Qc2+ 57. Kg1 Ra1+ 58. Qf1 Rxf1+ 59. Kxf1 Qxc4+) 56... Ra2 {Das erobert die weisse Dame.} 57. gxf7+ Kxf7 58. Ke3 Qb3+ 59. Qd3 ({oder} 59. Kf4 Qxc4+ 60. Kf3 Qf1+ 61. Rf2 Qxf2+ 62. Qxf2 Rxf2+ 63. Kxf2 Kf6 64. d6 Ke6 $19) 59... Qxd3+ 60. Kxd3 Rxg2 {Der Rest ist nur noch für die Galerie.} 61. h3 Rg3+ 62. Kc2 Rxh3 63. Kd2 Rh4 64. Kc3 Ke7 {Schwarz hat Mattangriff.} 65. Kb3 {***AUFGEGEBEN***} 0-1

[Event "Match 81__120'/40"]
[Site "Zürich"]
[Date "2025.??.??"]
[Round "30"]
[White "Fidelity Excel Mach III"]
[Black "Scorpio 68000 sel. 4"]
[Result "1-0"]
[Annotator "Utzinger,K"]
[WhiteElo "2020"]
[BlackElo "2043"]
[PlyCount "70"]
[EventDate "2025.??.??"]

{[%evp 0,70,25,11,44,-5,30,17,17,22,21,14,38,25,33,-4,32,-1,-7,-12,-22,36,106,134,165,33,32,30,22,62,45,14,170,137,433,506,522,514,948,941,1011,422,428,439,440,452,459,394,419,363,383,367,385,397,386,428,467,532,558,533,919,624,661,647,670,664,673,722,738,654,677,945,1545]} 1. e4 c5 {Match 120'/40 | Bediener: Rolf Bühler | Kommentator: Kurt Utzinger | 30. Partie: Weiss (Mach III) gewinnt | Zwischenstand: 17½-12½ (58,3%) für Mach III | Stand hypothetisch: 15-15 (50%) Ausgleich | Eröffnung: Sizilianisch, Alapin Variante 2.c3 | Buchzüge: 8 von Scorpio, 9 von Mach III | Partieverlauf: Erneut kommt Scorpio 68000 sel. 4 böse unter die Räder. Der Mach III erlangt frühzeitig, nach 10...Sxe5?, eine Gewinnstellung, vermag aber die viel zu tief versteckten Variante nicht zu finden. Immerhin kann er dem Gegner das Rochaderecht nehmen, vielfach eine heikle Sache für die verteidigende Seite. Und prompt strauchelt Schwarz erneut und Weiss kann einen Angriffssieg feiern. Damit geht der Mach III bei 30 gespielten Partien mit 17,5-12,5 in Führung. Bei Egbert wäre nun Ende und man müsste von einer unerwarteten Niederlage des Programms von David Kittinger sprechen. Dass sich der Scorpio 68000 sel. 4 in den nächsten 20 Partien noch aufraffen könnte, zweifeln Bediener wie Kommentator. Aber warten wir ab.} 2. c3 {Die Alapin Variante nach dem russischen Schachspieler Simon Sinowjewitsch Alapin (19.11.1856 - 15.7.1923). Weiss erstrebt d2-d4, so dass auch dieses Abspiel ein Mittelding zwischen der offenen und der geschlossenen Variante der Sizilianischen Verteidigung ist (Dr. Max Euwe: Theorie der Schacheröffnungen). Der Sinn von 2.c3 ist leicht zu verstehen; nach d4 cxd4 möchte Weiss mit dem Bauern zurückschlagen. Der Nachziehende kann das nicht wirklich verhindern, aber seine beiden Hauptfortsetzungen, 2...Sf6 und 2...d5, zielen darauf ab, dem weissen Zentrum seine Flexibilität zu nehmen. Schwarz attackiert den e-Bauern und zwingt ihn, seine Absichten zu erklären, insbesondere, da er nun von keinem Springer auf c3 gedeckt werden kann (Sam Collins: Schacheröffnungen richtig verstehen). Die erste bekannte Meisterpartie mit 2.c3 wurde 1898 in Wien gespielt, siehe untenstehende Partie.} Nf6 (2... d5 3. exd5 Qxd5 4. d4 cxd4 5. Qxd4 Qxd4 6. cxd4 Nc6 7. Be3 Bf5 8. Nc3 O-O-O 9. Rc1 e6 10. Nf3 Bb4 11. Bb5 f6 12. O-O Nge7 13. a3 Bxc3 14. bxc3 a6 15. Be2 g5 16. Nd2 Na5 17. Nc4 Nb3 18. Rce1 Nd5 19. Nb2 Nxe3 20. fxe3 Nd2 21. Rf2 Ne4 22. Rff1 Nd2 23. Rf2 Ne4 24. Rff1 Nd2 25. Rf2 {½-½ (25) Alapin,S-Maroczy,G Vienna 1898}) 3. e5 Nd5 4. d4 cxd4 5. cxd4 {Möglich und üblich sind auch andere Fortsetzungen:} (5. Nf3 Nc6 ({oder} 5... e6 6. cxd4 $11) ({oder} 5... d6 6. cxd4 Nc6) 6. cxd4 ({oder} 6. Bc4 Nb6 7. Bb3 d5 $11)) 5... d6 6. Nf3 Nc6 7. Be2 g6 8. O-O Bg7 {***ENDE BUCH***} 9. Qb3 {***ENDE BUCH*** Stockfish 17.1 Bewertung: = (-0.05) (50%) Depth: 41/54} dxe5 {Gut spielbar ist auch:} (9... Nb6 10. Rd1 O-O 11. Nc3 $11) 10. dxe5 $11 {[#]} Nxe5 $2 $18 {[%mdl 2] Dieser Bauernschnapp ***VERLIERT*** und hätte sich Schwarz deshalb nicht erlauben sollen. Interessant wäre zu untersuchen, welche Oldies sich vom Bauerngewinn distanzieren würden.} (10... O-O {hält die Stellung im Gleichgewicht.} 11. Rd1 Be6 $1 12. Nc3 Nxc3 $1 13. Qxc3 (13. Rxd8 $2 Nxe2+ 14. Kf1 Bxb3 $19 {und Schwarz gewinnt}) 13... Qc7 14. Bf4 Rfd8 $11) 11. Nxe5 Bxe5 12. Bb5+ $2 {Damit ist kein Blumentopf zu gewinnen, aber immerhin wird dem Gegner das Rochaderecht genommen, was bei unseren Lieblingen immer wieder zu Problemen führt. Nicht zu glauben vermag ich, dass der Mach III die Rückeroberung seines Bauern gesehen hat. Indessen wäre es vermessen, von unseren Oldies den von Rems M-091224 vorgeschlagenen Gewinnweg zu erwarten.} ({Rems M-091224-bmi2:} 12. Bc4 {2.88(100%)/50} Be6 13. Rd1 Rc8 14. Na3 Rc5 15. Be3 Bxh2+ 16. Kxh2 Qc7+ 17. Kg1 Nxe3 18. Bb5+ Kf8 19. Qxe3 Kg7 20. Bd7 Bxd7 21. Rxd7 Qxd7 22. Qxc5 Rc8 23. Qe5+ f6 24. Qe2 Rc5 25. Nc4 Kf7 26. Ne3 Qa4 27. Qd2 Qh4 28. Nf1 Qc4 29. Ng3 Rg5 30. Re1 Qd5 31. Qb4 Qd7 32. a3 Rd5 33. Nf1 Kf8 34. Qf4 Kg7 35. Qb8 b6 36. Qa8 Rc5 37. Qe4 Kf8 38. Qf3 Kf7 39. Rd1 Qf5 40. Qe3 Qe6 41. Qd2 Re5 42. Qd8 Kg7 43. Qe8 Qf7 44. Qa4 Qa2 45. Qb4 Qe6 46. Ne3 Kf7 47. Qa4 Re4 48. Qc2 Re5 49. Qd3 Re4 {[%eval 288,50] [%wdl 1000,0,0]}) 12... Kf8 13. Rd1 e6 14. Nc3 {Der gefesselte Sd5 ist nun dreimal angegriffen und kann nicht mehr zusätzlich verteidigt werden.} {[#]} a6 $2 {[%mdl 2] Das ***VERLIERT*** wieder, weil die Verteidigung mit 14...h5 nicht erkannt wird. Selbst nach 15 Min Bedenkzeit hat das Novag-Gerät keinen Durchblick, sieht sich im Vorteil, und macht folgende Züge zur Hauptvariante: A) 14...Dc7 00.66, B) 14...Dd6 00.85 und schliesslich, C) 14...a6 00.71, d08 41-42, 15.Sxd5 axb5 16.Lh6+ Kg8 17.f4 exd5.} (14... h5 {Der rettende Zug, der Lh6+ verhindert.} 15. Bc4 (15. Nxd5 exd5 16. Rxd5 Qf6 $11) 15... Kg7 16. Nxd5 exd5 17. Rxd5 Qc7 $11 {und Weiss hat nichts.}) 15. Nxd5 exd5 {Hier weicht der Scorpio von seiner berechneten Variante ab, weil er erkannt hat, dass 15...axb5 noch schlechter ist.} (15... axb5 16. Bh6+ Ke8 (16... Kg8 17. Qb4 $18 (17. f4 {Auch dieser vom Scorpio berechnete Zug würde gewinnen, wurde aber vom Programm völlig falsch eingeschätzt mit schwarzem Vorteil.}) 17... exd5 18. Rxd5 Bxh2+ 19. Kh1 Bd7 (19... Qe8 20. Qd2 $18) 20. Qd4 Be5 21. Rxe5 Be6 22. Rd5 $1 $18) (16... Bg7 17. Qb4+ Kg8 18. Ne7+) 17. Qe3 $1 f6 (17... Qd6 18. Nf6+) (17... Bf6 18. Nxf6+ Qxf6 19. Bg5 Qxg5 20. Qxg5 $18) 18. Nb6 Bd4 19. Qxd4 Qxd4 20. Rxd4 e5 21. Rd2 $18) 16. Rxd5 Qc7 {Der Scorpio sieht sich nur mit 00.17 im Minus.} 17. Bh6+ Bg7 {Scorpio: -02.04} (17... Kg8 18. Qe3 $18) (17... Ke7 18. Qb4+ Ke6 (18... Kf6 19. Qh4+ {Matt in 10}) 19. Rxe5+ $1 Qxe5 20. Re1 axb5 21. Rxe5+ Kxe5 22. Bf4+ {Matt in 8}) 18. Rc1 {Der Mach III in seinem Element.} Qe7 {Scorpio -03.93 Das Programm hat den Ernst der Lage erkannt.} (18... Qxc1+ 19. Bxc1 Be6 20. Qa3+ Kg8 21. Rd1 $18) 19. Qc3 {Eine selten zu sehenden Kreuzfesslung. Rems M-091224 ruft ein Matt in 25 Zügen aus.} f6 {Verkürzt das Matt auf 15 Züge. Es gab aber natürlich keine Rettung mehr.} 20. Qc7 (20. Re1 {Matt in 14}) 20... Qxc7 {Nun wird es Matt in 7.} (20... axb5 {Noch am besten.} 21. Bxg7+ Kf7 22. Bxh8 $18) 21. Rxc7 Bd7 22. Bxg7+ (22. Rdxd7 {Matt in 5}) 22... Kxg7 23. Rdxd7+ Kh6 24. Be2 {[#] Mit Mehrfigur und beiden Türmen auf der 7. Reihe ist der Rest für Weiss eine leichte technische Aufgabe.} b5 25. Bf1 Rad8 26. Rf7 Rd2 27. Rxf6 Ra8 28. h4 Rad8 29. Rxa6 Rxb2 30. Raa7 Kh5 31. Rxh7+ Kg4 32. f3+ Kg3 33. Ra6 Rg8 34. a4 b4 35. Rd6 g5 {***AUFGEGEBEN***} 1-0